00303nam a2200121Ia 4500008004100000100001500041245003300056260004400089300000800133650001600141942000700157999001700164190216s9999||||xx |||||||||||||| ||und|| aJoseph K X 0aStatitics Subsidiary Ii Year bCalicut University Central Co-Operative a533 aMathematics cBK c37230d37230